Statistics for Uk geography quiz

Click here to take the quiz!

General Stats

  • This quiz has been taken 558 times
  • The average score is 7 of 15

Answer Stats

HintAnswer% Correct
Highest mountain in ukBen nevis
82%
Longest riverSevern
77%
N.irelands second biggest cityDerry
66%
City due to host commonwealth games 2014Glasgow
63%
Last city by alphabetYork
60%
Only english county to have two separate coastlinesDevon
56%
Most easterly cityNorwich
53%
Hometown of jessica ennisSheffield
50%
Most northerly cityInverness
49%
City called abertaweSwansea
45%
Most southerly cityTruro
37%
Most westerly cityDerry
24%
Most populated non-city townReading
17%
City furthest from any coastlineCoventry
16%
Premier league team town with least populationSunderland
9%

Score Distribution

Percentile by Number Answered

Percent of People with Each Score

Your Score History

You have not taken this quiz